| 000 | 00486nam a22001937a 4500 | ||
|---|---|---|---|
| 003 | CEME | ||
| 005 | 20210628205528.0 | ||
| 008 | 210308b xxu||||| |||| 00| 0 eng d | ||
| 020 | _a0-07-034453-1 | ||
| 040 | _c. | ||
| 082 | _a629.2549 JUR'A | ||
| 100 |
_aJurgen, Ronald K _97298 |
||
| 245 | _aAutomotive electronics handbook | ||
| 250 | _a2ND | ||
| 260 |
_aNEWYORK _bMCGRAW HILL _c1999 |
||
| 300 | _aVP | ||
| 650 |
_aAUTOMOBILES - ELECTRONIC EQUIPMENT _975897 |
||
| 942 |
_cBK _2ddc |
||
| 999 |
_c581308 _d581308 |
||